Länder mit den meisten Muslimen - Statistiken

Allgemein
  • Dieses Quiz wurde 11.687 mal gespielt
    11.303 seit der letzten Aktualisierung
  • Das Durchschnittsergebnis liegt bei 21 aus 30
Antwortstatistiken
Platz Land Anzahl Anteil in %
% Korrekt
7. Türkei 82,99 Mio. 98,4%
94%
8. Iran 82,77 Mio. 98,5%
93%
16. Saudi-Arabien 31,46 Mio. 90,4%
93%
12. Irak 39,18 Mio. 97,4%
92%
6. Ägypten 92,16 Mio. 90,1%
88%
3. Indien 198,48 Mio. 14,4%
88%
2. Pakistan 213 Mio. 96,5%
87%
14. Marokko 36,79 Mio. 99,7%
85%
13. Afghanistan 38,87 Mio. 99,9%
82%
18. China 23,75 Mio. 1,7%
82%
24. Syrien 16,48 Mio. 94,2%
82%
9. Algerien 43,14 Mio. 98,4%
81%
1. Indonesien 216,4 Mio. 79,1%
77%
19. Niger 23,12 Mio. 95,5%
74%
17. Jemen 29,6 Mio. 99,2%
73%
23. Russland 17,17 Mio. 11,8%
73%
28. Tunesien 11,76 Mio. 99,5%
72%
10. Sudan 40,19 Mio. 91,7%
71%
5. Nigeria 94,5 Mio. 45,9%
70%
27. Kasachstan 12,93 Mio. 68,8%
61%
4. Bangladesch 146,25 Mio. 88,8%
60%
25. Somalia 15,87 Mio. 99,8%
59%
22. Mali 17,83 Mio. 88,1%
57%
15. Usbekistan 31,72 Mio. 94,8%
55%
11. Äthiopien 39,52 Mio. 34,4%
51%
21. Malaysia 18,29 Mio. 56,5%
51%
26. Senegal 15,23 Mio. 91%
43%
20. Tansania 18,85 Mio. 31,6%
31%
30. Burkina Faso 11,39 Mio. 54,5%
26%
29. Guinea 11,39 Mio. 86,8%
22%
Keine übereinstimmenden Quizze gefunden
Verteilung der Resultate
Anzahl Personen mit jedem Resultat
Perzentil nach korrekt beantworteten Fragen
Ihre Resultats-Entwicklung
Sie haben dieses Quiz seit der letzten Aktualisierung nicht gespielt